Administración estratégica: teoría y casos
Guardat en:
| Autors principals: | , , |
|---|---|
| Format: | Llibre |
| Idioma: | espanyol |
| Publicat: |
Ciudad de México
McGraw-Hill Interamericana
2008
|
| Edició: | 3a. ed |
| Matèries: | |
| Etiquetes: |
Afegir etiqueta
Sense etiquetes, Sigues el primer a etiquetar aquest registre!
|
MARC
| LEADER | 00000nam a2200000 a 4500 | ||
|---|---|---|---|
| 001 | UCG3179 | ||
| 003 | CL-VaPUC | ||
| 008 | 100812e20080000MX |||||||||||||||||spa|d | ||
| 020 | |a 9789701064023 | ||
| 082 | 0 | 4 | |a 658.4012 |b THO |2 21 |
| 100 | 0 | |a Thompson, Arthur A |e author |9 552114 | |
| 700 | 0 | |a Strickland, A.J |e author |9 552115 | |
| 700 | 0 | |a Gamble, John E |e author |9 552116 | |
| 245 | 1 | 0 | |a Administración estratégica: teoría y casos |
| 250 | |a 3a. ed | ||
| 300 | |a 600 p | ||
| 942 | |c BK | ||
| 945 | |d 20100812 00:00:00 |a mfarfan | ||
| 260 | |a Ciudad de México |b McGraw-Hill Interamericana |c 2008 | ||
| 650 | 0 | |a Planificación estratégica |9 259735 | |
| 650 | 0 | |a Operaciones administrativas |9 335045 | |
| 650 | 0 | |a Toma de decisiones |9 257530 | |
| 583 | |a last modification |c 20100812 00:00:00 |k Rodrigo Vera | ||
| 999 | |c 342263 |d 342261 | ||
| 952 | |0 0 |1 0 |4 0 |6 658_401200000000000_THO_2008 |7 0 |8 A |9 438360 |a BIBING |b BIBING |d 2019-11-22 |i 4707087 |o 658.4012 THO 2008 |p 4707087 |r 2025-01-20 |w 2019-11-22 |y BK |k ING | ||